Establecimiento de red plani-altimétrica base para el emplazamiento y futuro control de emisario final del proyecto de mejoramiento ambiental del área metropolitana de San José
Bewaard in:
| Hoofdauteur: | |
|---|---|
| Andere auteurs: | |
| Formaat: | Boek |
| Taal: | Spanish |
| Gepubliceerd in: |
[San José, Costa Rica]
2016
|
| Onderwerpen: | |
| Tags: |
Voeg label toe
Geen labels, Wees de eerste die dit record labelt!
|
MARC
| LEADER | 00000nam a22000007a 4500 | ||
|---|---|---|---|
| 003 | 012514 | ||
| 005 | 20230804135439.0 | ||
| 008 | 170123b2016 cr a|||| m||| 00| ||spa d | ||
| 040 | |c cru | ||
| 100 | |9 1014 |a Chacón Oviedo, Enrique, 1987- | ||
| 245 | |a Establecimiento de red plani-altimétrica base para el emplazamiento y futuro control de emisario final del proyecto de mejoramiento ambiental del área metropolitana de San José | ||
| 260 | |a [San José, Costa Rica] |c 2016 | ||
| 300 | |a xv,226; ilustraciones a color | ||
| 500 | |a Práctica dirigida (licenciatura en ingeniería topográfica)--Universidad de Costa Rica. Facultad de Ingeniería. Escuela de Ingeniería Topográfica | ||
| 501 | |a Director de Práctica Dirigida de Graduación: Msc. Juan Picado Salvatierra | ||
| 650 | |x NIVELACION |x TOPOGRAFIA - MEDICIONES |x OPTIMIZACION MATEMATICA |x REDES (GEODESIA) |9 6475 | ||
| 700 | |9 55 |a Picado Salvatierra, Juan, 1953- |d Director del TFG | ||
| 942 | |c CEDI |h TFG 7665 |6 TFG_7665_000000000000000 | ||
| 999 | |c 17550 |d 17550 | ||
